| 000 | 01236nam a2200277 a 4500 | ||
|---|---|---|---|
| 650 | 7 |
_aБългария - външна политика _2 _9149489 |
|
| 999 |
_c474674 _d474674 |
||
| 003 | BLK | ||
| 005 | 20250128005509.0 | ||
| 008 | 180411b bul|||||r ||||||| ||bul|| | ||
| 040 | _aBLK | ||
| 041 |
_aDEU _cDEU |
||
| 080 |
_aМеждународни политически отношения. Световна политика. Международна политика. Дипломация _b327 _x(497.2) _z327(497.2) |
||
| 100 |
_aGeorgiev, Ljuben _eпърви автор _9417836 |
||
| 139 | _aGeorgiev, Ljuben | ||
| 245 |
_aEine Politik des Friedens, der Verstandigung, der Zusammenarbeit _b[Очерк] _cLjuben Georgiev ; прев. от бълг. |
||
| 257 | _aBGR | ||
| 260 |
_aSofia _bSofia-Press _c1974 _9217007 |
||
| 300 |
_a40 с. _bс ил. _c20 см |
||
| 380 | _a3 | ||
| 490 |
_9479637 _a30 Jahre seit der sozialistischen Revolution in Bulgarien |
||
| 500 | _aПрев. е направен от ръкоп. - Външната политика на България. | ||
| 700 |
_aГеоргиев, Любен _9469291 |
||
| 852 |
_aЦб 72292 _bЦб |
||
| 942 |
_cKNG _n0 _s1 |
||
| 944 |
_aCR _c2022-09-30 _k _lCRON CRON |
||